Statistiques concernant Films avec Marion Cotillard par image

Cliquez ici pour prendre le quiz!

Statistiques générales

  • Ce quiz a été pris 123 fois
    (59 depuis la dernière actualisation)
  • Le résultat moyen est 6 sur 16

Statistiques - réponses

Réponse% Correct
La Môme (La Vie en Rose)
86%
Astérix et Obélix : L'Empire du Milieu
69%
Les Petits Mouchoirs
66%
Jeux d'Enfants
60%
Taxi
57%
The Dark Knight Rises
53%
Rock'N Roll
47%
De Rouille et d'Os
41%
Annette
21%
Dikkenek
19%
Juste la Fin du Monde
17%
Assassin's Creed
12%
Contagion
10%
Le Dernier Vol
9%
Un Long Dimanche de Fiançailles
9%
Gueule d'ange
7%

Distribution des résultats

Percentile par nombre de réponses

% des personnes avec chaque résultat

Votre développement - résultats

Vous n’avez pas pris ce quiz depuis la dernière actualisation